| 000 | 00646nam a22001457a 4500 | ||
|---|---|---|---|
| 999 |
_c80275 _d80275 |
||
| 008 | 201130b ||||| |||| 00| 0 eng d | ||
| 040 |
_bger _cSTAFF _erda _aSTAFF |
||
| 100 | _aBias, Beate | ||
| 245 |
_aZahl der Todesfälle erreicht neuen Höchstwert _bCorona: 10.000 Schülerinnen und Schüler aus Brandenburg befinden sich in Quarantäne. Land öffnet erste Impfzentren noch vor Weihnachten. _cBeate Bias |
||
| 773 |
_dFrankfurt (Oder): Märkisches Verlags- und Druckhaus GmbH & Co KG _g31. Jahrgang (2020) Nr. 282 vom 03.12.2020, S. 1 _tMärkische Oderzeitung |
||
| 942 | _cA | ||